Logo biblioteca
Santa Fe 2917, Rosario, Santa Fe
Lu-Vi 8 a 19.45
+54-341-4232362
bibliotecaeudoro@gmail.com
Facebook Biblioteca Pedagógica
Sitio web

Juanita la larga / (Registro nro. 32554)

Detalles MARC
000 -CABECERA
campo fijo de control de longitud 00711nam a2200229 4500
001 - NÚMERO DE CONTROL
campo de control 32554
003 - IDENTIFICADOR DEL NÚMERO DE CONTROL
campo de control AR-RoBPED
005 - FECHA Y HORADE LA ULTIMA TRANSACCION
campo de control 20260413090543.0
008 - ELEMENTOS DE LONGITUD FIJA--INFORMACION GENERAL
campo fijo de control de longitud 260410s1971 es |||er|||| 000 1 spa d
040 ## - FUENTE CATALOGADORA
Centro catalogador/agencia de origen AR-RoBPED
041 ## - IDIOMA
Código de idioma para texto/pista de sonido o título independiente spa
100 1# - ENCABEZAMIENTO PRINCIPAL--AUTOR PERSONAL
Nombre de persona Valera, Juan
Fechas nac-muerte 1824-1905
9 (RLIN) 6997
245 1# - TITULO
Título Juanita la larga /
Mención de responsabilidad Juan Valera; prólogo de Paulino Garagorri.
260 ## - PUBLICACION
Lugar España:
Editor Salvat,
Fecha 1971.
300 ## - DESCRIPCION FISICA
Extensión 185 p.
490 0# - SERIE
Mención de serie (Biblioteca Basica Salvat;
Designación de volumen o secuencia N° 76)
650 #4 - TERMINO DE MATERIA--CONTROLADO
Término controlado LITERATURA ESPAÑOLA
9 (RLIN) 687
Término controlado NOVELAS
9 (RLIN) 25
700 ## - ENCABEZAMIENTO SECUNDARIO--AUTOR PERSONAL
Nombre de persona Garagorri, Paulino
Fecha de nac-muerte 1916-2007
9 (RLIN) 30711
Función prol.
942 ## - ELEMENTOS KOHA
Fuente de clasificación Universal Decimal Classification
Número Koha k. 32554
Koha tipo de ítem Libro
Clasificación 860-31
Signatura librística V 19
Inventario inv. 42373
945 ## - PROCESAMIENTO DE LA INFORMACIÓN LOCAL
Catalogador y fecha mm 10/04/2026 - cd 13/04/2026
Existencias
Estado retirado Estado perdido Fuente de clasificación Estado dañado No se presta Biblioteca propietaria Biblioteca de reserva Fecha de adquisición Procedencia Total de préstamos Signatura topográfica completa Código de barras (nº de inventario) Fecha visto por última vez Catalogador y fecha Tipo de ítem Koha Nota pública
    Universal Decimal Classification     Biblioteca Pedagógica Eudoro Díaz Biblioteca Pedagógica Eudoro Díaz 07/04/2026 Donacion   860-31 V 19 42373 10/04/2026 mm 10/04/2026 Libro Se presta 15 días.